|
|
|
|
| LEADER |
00605nam a22001577a 4500 |
| 020 |
|
|
|a 81863862
|
| 074 |
|
|
|a 3916
|
| 082 |
|
|
|a 343.347 SAC
|
| 100 |
|
|
|a Sachdeva, Anil
|9 550
|
| 245 |
|
|
|a An exhaustive commentary on the prevention of food adulteration act and adulteration act and rules
|
| 260 |
|
|
|a Jodhpur
|b Unique law publishers
|c 2005.
|
| 300 |
|
|
|a 1904p.
|
| 500 |
|
|
|a Includes appendices.
|
| 653 |
|
|
|a Law
|a Offence aganist food
|a Prevention of food adulteration act
|
| 999 |
|
|
|c 633
|d 633
|
| 952 |
|
|
|0 0
|1 0
|2 udc
|4 0
|6 3450242_SAC05
|7 0
|9 878
|a NUALS
|b NUALS
|d 2009-09-16
|l 0
|o 345.0'242 SAC'05
|p 3916
|r 2013-04-11
|t 1
|w 2013-04-11
|y BK
|